000 03274cam a22012614i 4500
003 PE-LiUPU
005 20250813185413.0
008 180104s2017 xxu0 rb 001 0 eng d
020 _a9781442250437
035 _a(Sirsi) a240849
040 _aPE-LiUPU
_bspa
_cPE-LiUPU
_erda
049 _aPRUA
082 0 4 _a322.109051
_bS63
_223
100 1 _aSoper, J. Christopher,
_eautor.
245 1 4 _aThe challenge of pluralism :
_bchurch and state in six democracies /
_cJ. Christopher Soper, Kevin R. den Dulk.
250 _aThird edition.
264 1 _aLanham :
_bRowman & Littlefield;
_c2017
300 _aXIV, 249 páginas ;
_c24 centímetros.
336 _atext
_2rdacontent
337 _aunmediated
_2rdamedia
338 _avolume
_2rdacarrier
504 _aBibliografía : páginas 253-256.
504 _aÍndice : páginas 257-268.
505 0 _aModels of separation. The United States: strict separation under fire -- France: separation from the public square -- Models of pluralism. The Netherlands: principled pluralism -- Australia: pragmatic pluralism -- Models of establishment. England: restrained establishment -- Germany: church-state partnership -- Conclusion: Church and state in pluralistic democracies.
526 _aP202
526 _aP201
526 _aP163
526 _aP162
526 _aP161
526 _aP160
526 _aP148
526 _aP147
526 _aP146
526 _aP145
526 _aP144
526 _aP143
526 _aP142
526 _aP141
526 _aP140
526 _aP139
526 _aP138
526 _aP137
526 _aP136
526 _aP135
526 _aP134
526 _aP133
526 _aP129
526 _aP128
526 _aP127
526 _aP120
526 _aP119
526 _aP118
526 _aP116
526 _aP115
526 _aP114
526 _aP110
526 _aP109
526 _aP108
526 _aP104
526 _aP103
526 _aP102
526 _aP99
526 _aP98
526 _aP97
526 _aP96
526 _aP95
526 _aP93
526 _aP90
526 _aP89
526 _aP88
526 _aP83
526 _aP82
526 _aP62
526 _aP59
526 _aP58
526 _aP57
526 _aP51
526 _aP49
526 _aP48
526 _aP47
526 _aP29
526 _aP24
526 _aP20
526 _aP19
526 _aP17
526 _aP15
526 _aP14
526 _aP12
526 _aP10
526 _aP09
526 _aP08
526 _aP07
526 _aP06
526 _aP05
526 _aP04
526 _aP01
650 0 4 _aChurch and state.
650 0 4 _aReligious pluralism.
650 0 4 _aIglesia y estado.
650 0 4 _aPluralismo religioso.
_95765
700 1 _aDulk, Kevin R. den;
_eauthor.
910 _adbm
_bksl
_cksl
_d20180104
942 _2ddc
_cBOOK
994 _aC0
_bPEPRU
596 _a1
999 _a322.109051 S63
_wLC
_c26542
_i77915
_d26542
_f2021-11-11
_g4
_lCCODEBUL1
_mBUL
_p23.80
_q1
_r0
_sY
_tBOOK
_u2018-1-4
_xTEOLOGIA
_PP85
_0COMPRA
_o.STAFF. Colección Teología
980 _81
_gALBERTO SANCHEZ Responsable de Automatización